00641nam a2200217 a 4500001001000000003000500010005001700015008004100032010001100073011001100084020001500095040000900110082001800119100001900137245009500156250001000251260005100261300001700312534008100329650001300410000113289CHAP20220329144347.0170601s1987 sp |r| ||1|||spa d a109750 a110722 a8429143238 cCHAP04a500bH75 198700aHolton, Gerald10aIntroducción a los conceptos y teorías de las ciencias físicas /cpor Gerald Holton. a2 ed. aBarcelona :bEditorial Reverté, S.A.,c1987. axxii, 851 p. pTít. original :tIntroduction to Concepts and Theories in Physical Science14aCiencia.